[Event "Neckar op 15th"]
[Site "Deizisau"]
[Date "2011.04.26"]
[Round "9.13"]
[White "Dausch, Rene"]
[Black "Shytaj, Luca"]
[Result "0-1"]
[WhiteElo "2371"]
[BlackElo "2475"]
[PlyCount "97"]
[EventDate "2011.04.21"]
[EventType "swiss"]
[EventRounds "9"]
[EventCountry "GER"]
[SourceTitle "EXT 2015"]
[Source "ChessBase"]
[SourceDate "2014.11.20"]
[SourceVersion "1"]
[SourceVersionDate "2014.11.20"]
[SourceQuality "1"]

1. d4 Nf6 2. Nf3 e6 3. g3 b5 4. Bg2 Bb7 5. Bg5 Be7 6. 0-0 0-0 7. Bxf6 Bxf6 8. Qd3 d5 9. Nbd2 a6 10. a4 bxa4 11. Rxa4 Bc6 12. Ra2 Bb5 13. c4 dxc4 14. Qc3 c5 15. e3 Nc6 16. Ne4 cxd4 17. Nxf6+ Qxf6 18. exd4 Rad8 19. Rd1 Rd6 20. b3 cxb3 21. Rad2 Rfd8 22. h4 h6 23. Kh1 g6 24. Kg1 Qg7 25. Kh1 e5 26. d5 e4 27. Qxg7+ Kxg7 28. dxc6 b2 29. Rxd6 Rxd6 30. Rb1 exf3 31. Bxf3 Bxc6 32. Bxc6 Rxc6 33. Rxb2 a5 34. Ra2 Ra6 35. Ra4 Kf6 36. Kg2 Ke5 37. Kf3 Kd5 38. h5 g5 39. Kg4 Ke5 40. f4+ gxf4 41. Rxf4 a4 42. Rxf7 a3 43. Re7+ Kd4 44. Rd7+ Kc3 45. Kf5 a2 46. Rd1 a1Q 47. Rxa1 Rxa1 48. g4 Ra6 49. g5 0-1

[Event "BL2-Sued 1011"]
[Site "Germany"]
[Date "2011.03.20"]
[Round "8.7"]
[White "Heinz, Timothee"]
[Black "Dausch, Rene"]
[Result "1/2-1/2"]
[WhiteElo "2281"]
[BlackElo "2394"]
[PlyCount "76"]
[EventDate "2010.10.10"]
[EventType "team-tourn"]
[EventRounds "9"]
[EventCountry "GER"]
[SourceTitle "EXT 2012"]
[Source "ChessBase"]
[SourceDate "2011.11.24"]
[SourceVersion "1"]
[SourceVersionDate "2011.11.24"]
[SourceQuality "1"]
[WhiteTeam "Baden-Baden 1922 II"]
[BlackTeam "Boeblingen"]
[WhiteTeamCountry "GER"]
[BlackTeamCountry "GER"]

1. e4 d5 2. exd5 Nf6 3. d4 Bg4 4. Be2 Bxe2 5. Qxe2 Qxd5 6. Nf3 e6 7. Bf4 Nc6 8. c3 0-0-0 9. h3 Rg8 10. Nbd2 g5 11. Be5 Nh5 12. Qe4 Nxe5 13. Nxe5 f6 14. Qxd5 Rxd5 15. Nef3 Nf4 16. 0-0 g4 17. hxg4 Ne2+ 18. Kh1 Rxg4 19. g3 Rh5+ 20. Kg2 Bd6 21. Rfe1 Nf4+ 22. Kf1 Rh1+ 23. Ng1 Nh3 24. Ndf3 Bxg3 25. fxg3 Rxg3 26. Ke2 Rg2+ 27. Ke3 Rxb2 28. Nxh3 Rxh3 29. Re2 Rb5 30. Rg1 Rf5 31. Rf2 e5 32. Rg4 h5 33. Re4 exd4+ 34. Rxd4 Rc5 35. Kd3 Rf5 36. Ke4 Rc5 37. Kd3 Rf5 38. Ke4 Rc5 1/2-1/2